| 000 | 00444nam a2200157Ia 4500 | ||
|---|---|---|---|
| 001 | 3461 | ||
| 008 | 170128s1992 ii a g b000 u 465 u | ||
| 082 | _a338.905 | ||
| 100 |
_aVarma, P P, _eAuthor. |
||
| 245 | 0 |
_aReport on Movement of Goods Traffic by Road in Assam, 1987 - 88 / _cP P Varma. _hTextual Documents |
|
| 250 | _a1st ed / | ||
| 260 |
_aDispur : _bGovt. of Assam , _c1992. |
||
| 300 | _c28cm . . | ||
| 653 | _aReport | ||
| 942 |
_2ddc _cBK |
||
| 999 |
_c3449 _d3449 |
||